LEADER 01564nam 2200373 a 450 001 9910696944803321 005 20230902161719.0 035 $a(CKB)5470000002383445 035 $a(OCoLC)551681533 035 $a(EXLCZ)995470000002383445 100 $a20100312d2009 ua 0 101 0 $aeng 135 $aurbn||||a|||| 181 $ctxt$2rdacontent 182 $cc$2rdamedia 183 $acr$2rdacarrier 200 10$aReforming key international financial institutions for the 21st century$b[electronic resource] $ehearing before the Subcommittee on Security and International Trade and Finance of the Committee on Banking, Housing, and Urban Affairs, United States Senate, One Hundred Tenth Congress, first session ... Thursday, August 2, 2007 210 1$aWashington :$cU.S. G.P.O.,$d2009. 215 $a1 online resource (iii, 72 pages) 225 1 $aS. hrg. ;$v110-929 300 $aTitle from title screen (viewed on Mar. 12, 2010). 300 $aPaper version available for sale by the Supt. of Docs., U.S. G.P.O. 320 $aIncludes bibliographical references. 517 $aReforming key international financial institutions for the 21st century 606 $aDevelopment banks$xEvaluation 606 $aEconomic assistance$xEvaluation 615 0$aDevelopment banks$xEvaluation. 615 0$aEconomic assistance$xEvaluation. 801 0$bGPO 801 1$bGPO 906 $aBOOK 912 $a9910696944803321 996 $aReforming key international financial institutions for the 21st century$93434605 997 $aUNINA LEADER 02541nas 2200769-a 450 001 9910136966803321 005 20231214213021.0 011 $a2365-1210 035 $a(DE-599)ZDB2824192-7 035 $a(CKB)110978984077493 035 $a(CONSER)---98655611- 035 $a(EXLCZ)99110978984077493 100 $a19941220b19942000 --- - 101 0 $aspa 181 $ctxt$2rdacontent 182 $cc$2rdamedia 183 $acr$2rdacarrier 200 10$aNotas $ereseņas iberoamericanas, literatura, sociedad, historia 210 $aFrankfurt $cVervuert Verlagsgesellschaft$d[1994]-2000 215 $a1 online resource 300 $aTitle from cover. 311 08$aPrint version: Notas (Frankfurt am Main, Germany) 0945-8301 (DLC) 98655611 (OCoLC)31723169 531 $aNOTAS RESENAS IBEROAMERICANAS LITERATURA SOCIEDAD HISTORIA 531 0 $aNotas 606 $a18.32 Spanish literature$3(NL-LeOCL)077612124$2bcl 606 $a18.37 Portuguese literature$3(NL-LeOCL)077612167$2bcl 606 $a18.33 Spanish-American literature$3(NL-LeOCL)077612132$2bcl 606 $a18.38 Portuguese-American literature$3(NL-LeOCL)077612175$2bcl 606 $aSozialwissenschaften$2gnd 606 $aRezension$2gnd 606 $aHispanistik$2gnd 606 $aLiteraturwissenschaft$2gnd 606 $aCultuurgeschiedenis$2gtt 606 $aLetterkunde$2gtt 606 $aSpaans$2gtt 606 $aPortugees$2gtt 607 $aSpain$vBook reviews$vPeriodicals 607 $aLatin America$vBook reviews$vPeriodicals 607 $aPortugal$vBook reviews$vPeriodicals 607 $aCaribbean Area$vBook reviews$vPeriodicals 607 $aCaribbean Area$2fast 607 $aLatin America$2fast 607 $aPortugal$2fast 607 $aSpain$2fast 607 $aSpanien$2gnd 608 $aZeitschrift. 608 $aBook reviews.$2fast 608 $aPeriodicals.$2fast 608 $aZeitschrift.$2swd 615 7$a18.32 Spanish literature. 615 7$a18.37 Portuguese literature. 615 7$a18.33 Spanish-American literature. 615 7$a18.38 Portuguese-American literature. 615 7$aSozialwissenschaften. 615 7$aRezension. 615 7$aHispanistik. 615 7$aLiteraturwissenschaft. 615 17$aCultuurgeschiedenis. 615 17$aLetterkunde. 615 17$aSpaans. 615 17$aPortugees. 676 $a946 906 $aJOURNAL 912 $a9910136966803321 920 $aexl_impl conversion 996 $aNotas$91976444 997 $aUNINA